Zwischen neuen Wegen und alten Gräben: die praktische Bedeutung kriminalsoziologischer Forschung am Beispiel der Polizei

Will man einen systematischen Überblick der Verwendung kriminalsoziologischer Forschung in der Praxis erarbeiten, so ist es zunächst notwendig, die verschiedenen Formen der Erzeugung und Übermittlung wissenschaftlichen Wissens für praktische Zwecke im Allgemeinen zu charakterisieren. Gleichzeitig wi...

Descripción completa

Guardado en:  
Detalles Bibliográficos
Autor principal: Pollich, Daniela 1980- (Autor)
Tipo de documento: Print Artículo
Lenguaje:Alemán
Publicado: 2024
En: Kriminalsoziologie
Año: 2024, Páginas: 159-182
Verificar disponibilidad: HBZ Gateway
Palabras clave:

MARC

LEADER 00000caa a2200000 c 4500
001 1909431230
003 DE-627
005 20251105111036.0
007 tu
008 241125s2024 xx ||||| 00| ||ger c
020 |a 9783848789740 
035 |a (DE-627)1909431230 
035 |a (DE-599)KXP1909431230 
040 |a DE-627  |b ger  |c DE-627  |e rda 
041 |a ger 
084 |a 2,1  |2 ssgn 
100 1 |a Pollich, Daniela  |d 1980-  |e VerfasserIn  |0 (DE-588)1025246276  |0 (DE-627)721915280  |0 (DE-576)370114701  |4 aut 
109 |a Pollich, Daniela 1980- 
245 1 0 |a Zwischen neuen Wegen und alten Gräben  |b die praktische Bedeutung kriminalsoziologischer Forschung am Beispiel der Polizei  |c Daniela Pollich 
264 1 |c 2024 
336 |a Text  |b txt  |2 rdacontent 
337 |a ohne Hilfsmittel zu benutzen  |b n  |2 rdamedia 
338 |a Band  |b nc  |2 rdacarrier 
500 |a Literaturverzeichnis: Seite 178-182 
520 |a Will man einen systematischen Überblick der Verwendung kriminalsoziologischer Forschung in der Praxis erarbeiten, so ist es zunächst notwendig, die verschiedenen Formen der Erzeugung und Übermittlung wissenschaftlichen Wissens für praktische Zwecke im Allgemeinen zu charakterisieren. Gleichzeitig wird eine Übertragung der dargestellten Systematik auf die kriminalitätsbezogene Wissensgenerierung vorgenommen und die damit generell verbundenen Umsetzungsprobleme dargestellt. Es folgt sodann eine Betrachtung, an welchen Orten, d.h. in welchen Institutionen mit welcher Zielrichtung kriminalitätsbezogene Forschung betrieben wird und welchen Einschränkungen diese Forschung jeweils konkret unterliegen kann. Im Anschluss wird erörtert, welche Inhalte, d.h. Forschungsthemen und -ergebnisse für die Praxis überhaupt relevant sind bzw. dort benötigt werden. Ausgehend von der Prämisse, dass die Übermittlung von wissenschaftlich fundierten kriminalsoziologischen Forschungsergebnissen in die kriminalitätsrelevante Praxis grundsätzlich begrüßenswert erscheint, werden abschließend Perspektiven aufgezeigt, wie vor dem beschriebenen Hintergrund die zielgerichtete Erzeugung wissenschaftlichen und zugleich praxisrelevanten Wissens künftig gestaltet und verortet werden könnte. 
650 4 |a Forschung 
650 4 |a Wissenserzeugung 
650 4 |a Transdisziplinarität 
650 4 |a Polizeipraxis 
689 0 0 |d s  |0 (DE-588)4128665-0  |0 (DE-627)105715662  |0 (DE-576)209604034  |a Kriminalsoziologie  |2 gnd 
689 0 1 |d s  |0 (DE-588)4046595-0  |0 (DE-627)106197525  |0 (DE-576)209070196  |a Polizei  |2 gnd 
689 0 2 |d s  |0 (DE-588)4017894-8  |0 (DE-627)106328379  |0 (DE-576)208921524  |a Forschung  |2 gnd 
689 0 |5 (DE-627) 
773 0 8 |i Enthalten in  |t Kriminalsoziologie  |b 2., aktualisierte und erweiterte Auflage  |d Baden-Baden : Nomos, 2024  |g (2024), Seite 159-182  |h 695 Seiten  |w (DE-627)1877202754  |z 9783848789740  |z 3848789744  |7 nnam 
773 1 8 |g year:2024  |g pages:159-182 
951 |a AR 
ELC |b 1 
LOK |0 000 xxxxxcx a22 zn 4500 
LOK |0 001 4622076152 
LOK |0 003 DE-627 
LOK |0 004 1909431230 
LOK |0 005 20241125100153 
LOK |0 008 241125||||||||||||||||ger||||||| 
LOK |0 040   |a DE-21-110  |c DE-627  |d DE-21-110 
LOK |0 852   |a DE-21-110 
LOK |0 852 1  |m p  |9 00 
LOK |0 938   |k p 
LOK |0 939   |a 25-11-24  |b l01 
ORI |a SA-MARC-krimdoka001.raw